Power system analysis (Record no. 1347)

000 -LEADER
fixed length control field 00590nam a2200229 a 4500
001 - CONTROL NUMBER
control field 1347
003 - CONTROL NUMBER IDENTIFIER
control field BD-DhUET
008 - FIXED-LENGTH DATA ELEMENTS--GENERAL INFORMATION
fixed length control field 931008s1994 nyua 001 0 eng
020 ## - INTERNATIONAL STANDARD BOOK NUMBER
International Standard Book Number 0070585156
020 ## - INTERNATIONAL STANDARD BOOK NUMBER
International Standard Book Number 0071133380
040 ## - CATALOGING SOURCE
Original cataloging agency DLC
Transcribing agency DLC
Modifying agency BD-DhUET
082 00 - DEWEY DECIMAL CLASSIFICATION NUMBER
Classification number 623.19
Item number GRA/1994
100 1# - MAIN ENTRY--PERSONAL NAME
Personal name Grainger, John J.
245 10 - TITLE STATEMENT
Title Power system analysis
250 ## - EDITION STATEMENT
Edition statement 1st ed.
260 ## - PUBLICATION, DISTRIBUTION, ETC. (IMPRINT)
Place of publication, distribution, etc. New York
Name of publisher, distributor, etc. McGraw-Hill
Date of publication, distribution, etc. 1994
300 ## - PHYSICAL DESCRIPTION
Extent xix, 787 p.
Other physical details ill.
504 ## - BIBLIOGRAPHY, ETC. NOTE
Bibliography, etc Includes bibliographies
650 #0 - SUBJECT ADDED ENTRY--TOPICAL TERM
Topical term or geographic name as entry element Electric power systems-Management
700 1# - ADDED ENTRY--PERSONAL NAME
Personal name Stevenson, William D.
942 ## - ADDED ENTRY ELEMENTS (KOHA)
Koha item type General Book
Holdings
Koha item type Koha issues (times borrowed) Shelving location Koha date last seen Date acquired Lost status Source of classification or shelving scheme Location (home branch) Koha full call number Koha out on loan Price effective from Copy number Koha normalized classification for sorting Koha renewals Sublocation or collection (holding branch) Koha date last borrowed Piece designation (barcode) Not for loan Withdrawn status Damaged status
General Book5Circulation section2024-06-012014-09-03  Central Library, BUET623.19/GRA/1994 2014-09-031623_000000000000000_19GRA1994 Central Library, BUET2024-03-04103960   
General Book1Circulation section2020-01-142014-09-03  Central Library, BUET623.19/GRA/1994 2014-09-032623_000000000000000_19GRA1994 Central Library, BUET2019-05-06103961   
General Book3Circulation section2025-11-032014-09-03  Central Library, BUET623.19/GRA/1994 2014-09-033623_000000000000000_19GRA19941Central Library, BUET2025-07-13103962   
General Book1Circulation section2025-04-222014-09-03  Central Library, BUET623.19/GRA/1994 2014-09-034623_000000000000000_19GRA1994 Central Library, BUET2019-10-21103963   
General Book1Circulation section2023-11-272014-09-03  Central Library, BUET623.19/GRA/19942023-12-112014-09-035623_000000000000000_19GRA1994 Central Library, BUET2023-11-27103964   
General Book Circulation section2016-01-262014-09-03  Central Library, BUET623.19/GRA/1994 2014-09-036623_000000000000000_19GRA1994 Central Library, BUET 103965   
General Book1Circulation section2021-12-132014-09-03  Central Library, BUET623.19/GRA/1994 2014-09-037623_000000000000000_19GRA19942Central Library, BUET2021-02-13103966   
General Book2Circulation section2022-02-062014-09-03  Central Library, BUET623.19/GRA/19942023-02-062014-09-038623_000000000000000_19GRA1994 Central Library, BUET2022-02-06103967   
General Book5Circulation section2025-05-032014-09-03  Central Library, BUET623.19/GRA/19942025-05-172014-09-039623_000000000000000_19GRA1994 Central Library, BUET2025-05-03103968   
Reading Item Reading section2015-06-212015-06-21  Central Library, BUET623.19/GRA/1994 2015-06-2110623_190000000000000_GRA_1994 Central Library, BUET 89529   
Reading Item Reading section2015-06-212015-06-21  Central Library, BUET623.19/GRA/1994 2015-06-2111623_190000000000000_GRA_1994 Central Library, BUET 91138   
Reading Item Reading section2015-07-022015-07-02  Central Library, BUET623.19/GRA/1994 2015-07-0212623_190000000000000_GRA_1994 Central Library, BUET 90777